000 00459nam a2200169 i 4500
001 34808
003 ES-MaACL
005 20230906155012.0
007 t|
008 030211q1912 be ||||1| fre d
100 1 _aBosschere, Jean de.
_9199775
245 1 0 _aEssai sur la dialectique du dessin /
_cpar Jean de Bosschère.
260 _aBruxelles :
_bG. van Oes,
_c[1912?]
300 _a127 p. ;
_c22 cm.
852 _aES-MaACL
_jF-2801
999 _c34808
_d34808